000 00429nam a22001577a 4500
003 NUST - PNEC
005 20170116180927.0
008 150905b xxu||||| |||| 00| 0 eng d
040 _cLIBRARY
082 _a621.3 TEA
100 _98045
_aTeasdale, H
245 _aElectro-technology for National Certificate Courses Vol-I
_c H. Teasdale
260 _c1957
650 _95527
_aElectrical Engineering
_xEL, EE
942 _2ddc
_cBK
999 _c65794
_d65794